Santiago : (Registro nro. 8157)

Detalles MARC
000 -LIDER
fixed length control field 01459nam a2200385 a 4500
001 - NÚMERO DE CONTROL
Identificador de número de control 000002622
003 - IDENTIFICACDOR DE NÚMERO DE CONTROL
control field DO-SdBNP
005 - DATE AND TIME OF LATEST TRANSACTION
control field 20220930090414.0
007 - CAMPOS FIJOS DE DESCRIPCIÓN FÍSICA
fixed length control field 000002622
008 - ELEMENTOS DE LONGITUD FIJA
fixed length control field 090703s2006 dr a 000 0 spa d
020 ## - ISBN
International Standard Book Number 9945851357 (v.1)
020 ## - ISBN
International Standard Book Number 9945851381 (v.2)
020 ## - ISBN
International Standard Book Number 9789945851335
040 ## - FUENTE DE CATALOGACIÓN
Agencia que crea de manera original el registro BPMSU
Idioma de catalogación spa
Agencia que realiza la transcripción BPMSU
082 #4 - NÚMERO DE CLASIFICACIÓN DECIMAL DE DEWEY
Classification number 972.9356
Item number B928s, 2006
Edition number 22
100 1# - ASIENTO PRINCIPAL -- NOMBRE PERSONAL
Nombre personal Bueno, Arturo,
Fechas asociadas con el nombre 1888-1979
245 10 - MENCIÓN DE TITULO
Título Santiago :
Subtítulo quien te vió y quien te ve /
Mención de responsabilidad Arturo Bueno ; edición Eleanor Grimaldi Silié.
250 ## - MENCIÓN DE EDICION
Mención de edición 2a ed.
260 ## - PUBLICACIÓN, DISTRIBUCIÓN, ETC. (PIE DE IMPRENTA)
Lugar de publicación, distribución, etc Santo Domingo :
Nombre del editor, distribuidor, etc. Sociedad Dominicana de Bibliófilos,
Fecha de publicación, distribución, etc 2006.
300 ## - DESCRIPCIÓN FÍSICA
Extensión 2 v.
-- il. ;
Dimensiones 23 cm.
490 0# - MENCIÓN DE SERIES
Mención de serie Bibliófilos 2000
500 ## - NOTA GENERAL
Nota general Incluye índice onomástico.
504 ## - NOTA DE BIBLIOGRAFÍA, ETC.
Bibliography, etc Incluye referencias bibliográficas y notas al pie de las páginas.
590 ## - NOTA LOCAL
Enlace Inventariado, 2022/VM
650 #4 - ENCABEZAMIENTO DE MATERIA--TEMÁTICO
Término temático o nombre geográfico como elemento de entrada Ciudades y pueblos
Subdivisión geográfica República Dominicana
651 #4 - ENCABEZAMIENTO DE MATERIA--NOMBRE GEOGRÁFICO
Nombre geográfico Santiago de los Caballeros (República Dominicana)
Subdivisión temática general Historia local
651 #4 - ENCABEZAMIENTO DE MATERIA--NOMBRE GEOGRÁFICO
Nombre geográfico Santiago de los Caballeros (República Dominicana)
Subdivisión temática general Historia
Subdivisión de forma Anecdotas, chistes, satiras, etc.
651 #4 - ENCABEZAMIENTO DE MATERIA--NOMBRE GEOGRÁFICO
Nombre geográfico Santiago de los Caballeros (República Dominicana)
Subdivisión temática general Vida social y costrumbres
700 1# - ASIENTO SECUNDARIO -- NOMBRE PERSONAL
Nombre personal Grimaldi Silié, Eleanor,
Mención de responsabilidad ed.
700 1# - ASIENTO SECUNDARIO -- NOMBRE PERSONAL
Nombre personal Suárez, Mario,
Mención de responsabilidad ed.
700 1# - ASIENTO SECUNDARIO -- NOMBRE PERSONAL
Nombre personal Mella, Mariano,
710 2# - ASIENTO SECUNDARIO -- NOMBRE CORPORATIVO
Nombre corporativo o de jurisdicción Sociedad Dominicana de Bibliófilos
910 ## - VALIDACIÓN
Validación VMateo V./Validado. Control de calidad BNPHU
942 ## - ADDED ENTRY ELEMENTS (KOHA)
Source of classification or shelving scheme Dewey Decimal Classification
Koha item type Libros
Existencias
Withdrawn status Lost status Source of classification or shelving scheme Damaged status Not for loan Collection code Home library Current library Date acquired Full call number Barcode Date last seen Copy number Price effective from Koha item type Total Checkouts
    Dewey Decimal Classification     Colección Dominicana Biblioteca Pública Metropolitana Salomé Ureña Biblioteca Pública Metropolitana Salomé Ureña 08/10/2015 BPMSU CD 972.9356 B928s 2006 BPMSU15080266 08/10/2015 v. 2 08/10/2015 Archivos digitales  
    Dewey Decimal Classification     Colección Dominicana Biblioteca Pública Metropolitana Salomé Ureña Biblioteca Pública Metropolitana Salomé Ureña 08/10/2015 BPMSU CD 972.9356 B928s 2006 BPMSU22090050 09/30/2022 v.2, e.2 08/10/2015 Archivos digitales  
    Dewey Decimal Classification     Colección Dominicana Biblioteca Pública Metropolitana Salomé Ureña Biblioteca Pública Metropolitana Salomé Ureña 08/10/2015 BPMSU CD 972.9356 B928s 2006 BPMSU22090051 09/30/2022 v.1 08/10/2015 Archivos digitales